000 00768nam a2200193 i 4500
001 73661
003 ES-MaACL
005 20260127062531.0
007 t|
008 040909q1905 sp ||||1| spa d
100 1 _aGómez de la Serna, Javier,
_d1862-1922
_957898
245 1 0 _aDiscurso
_b: resumen del curso de 1902-903 leído por el secretario general don Javier Gómez de la Serna en la sesión inaugural de 1903-904 el 27 de noviembre de 1903
_cJavier Gómez de la Serna.
260 _aMadrid :
_b[s.n.,
_c1905?]
500 _aPrecede al tit.: Real Academia de Jurisprudencia y Legislación.
700 _aReal Academia de Jurisprudencia y Legislación de España
_9217612
852 _aES-MaACL
_jT-1073-F-2
942 _2udc
999 _c73661
_d73661